000 00608cam a2200229ua 4500
001 273
005 20260515113137.0
008 110328n ii |||gr||||Z||||||eng
020 _a81-85099-20-0
040 _cMAIN
082 _a301
245 1 _aHistory of social thought
_cby Ram Nath Sharma
250 _a1st.
260 _aBombay:
_bMedia Promoters & publishers Pvt. Ltd.,
_c2003.
300 _aviii, 442p.:
_c20cm.
653 _aSociology
653 _aSocial thought
653 _aHistory of social thought
700 _aSharma, Ram Nath,
700 _aSharma, Rajendra K.,
_eAuthor.
942 _cBK
999 _c232
_d232